[Event "POL-chT U19 2nd League"]
[Site "Szczyrk"]
[Date "2014.07.28"]
[Round "6.80"]
[White "Golda, Sebastian"]
[Black "Kucza, Jan"]
[Result "1/2-1/2"]
[WhiteElo "1730"]
[BlackElo "1460"]
[PlyCount "140"]
[EventDate "2014.07.25"]
[EventType "team-swiss"]
[EventRounds "11"]
[EventCountry "POL"]
[SourceTitle "EXT 2015"]
[Source "ChessBase"]
[SourceDate "2014.11.20"]
[SourceVersion "1"]
[SourceVersionDate "2014.11.20"]
[SourceQuality "1"]
[WhiteTeam "Krakow KKSz U19 II"]
[BlackTeam "Rybnik MKSz U19 II"]
[WhiteTeamCountry "POL"]
[BlackTeamCountry "POL"]

1. e4 c5 2. Nf3 Nc6 3. d4 cxd4 4. Nxd4 Nf6 5. Nc3 e6 6. Ndb5 Bb4 7. a3 Bxc3+ 8. Nxc3 d5 9. exd5 exd5 10. Bd3 0-0 11. 0-0 Bg4 12. f3 d4 13. fxg4 dxc3 14. bxc3 Qa5 15. Bd2 Rad8 16. Qf3 Ne5 17. Qf5 Qc5+ 18. Kh1 Nxd3 19. cxd3 Qxf5 20. gxf5 Rxd3 21. Be1 Ne4 22. Rb1 b6 23. Rf3 Rxf3 24. gxf3 Nd6 25. Rd1 Nxf5 26. Rd7 Ra8 27. Kg2 Ne3+ 28. Kf2 Nc4 29. a4 Nb2 30. a5 Nc4 31. axb6 Nxb6 32. Rb7 g5 33. Bd2 h6 34. Be3 Nd5 35. Bd4 a5 36. Rb2 Rc8 37. Rb3 a4 38. Ra3 f5 39. Ke2 Nf4+ 40. Kd2 Rc4 41. Ra1 Kf7 42. Rb1 a3 43. Rb7+ Kg6 44. Ra7 Kh5 45. Rxa3 Kh4 46. Ra6 h5 47. Ra5 Ne6 48. Kd3 Nxd4 49. cxd4 Rc1 50. Rxf5 Rd1+ 51. Ke3 Re1+ 52. Kd3 Rd1+ 53. Kc4 Rc1+ 54. Kb5 g4 55. fxg4 hxg4 56. Rc5 Rd1 57. Kc4 Rc1+ 58. Kd5 Rd1 59. Rc2 Kh3 60. Ke4 Re1+ 61. Kf4 Rd1 62. Rc4 Rd3 63. Ke4 Rd1 64. Rc2 Rh1 65. Kf4 Rd1 66. Rc4 Rd3 67. Kg5 Rd1 68. Ra4 Rd3 69. Kf4 Rf3+ 70. Kg5 Rd3 1/2-1/2